| 000 | 00951cab a2200289 4500 | ||
|---|---|---|---|
| 001 | WB3114-57 | ||
| 008 | 090401t1995 xxu||||| |||| 00| 0 eng d | ||
| 035 | _a(Sirsi) u46400 | ||
| 041 | _aeng | ||
| 245 | _aDamages for lost inheritance | ||
| 260 | _c1995 | ||
| 350 | _a0 | ||
| 490 |
_aEstates Gazette _v(9513) 1 April 1995, 131(1) |
||
| 520 | _aDiscusses CA decision in "White v Jones" (3 AllER 481) whereby an intended beneficiary under a will could recover damages from the testator`s solicitor where the latter`s negligence in preparing the will meant that the beneficiary failed to inherit. | ||
| 650 | _aBENEFICIARIES | ||
| 650 | _aDAMAGES | ||
| 650 | _aFAILURE TO ACT | ||
| 650 | _aINHERITANCE | ||
| 650 | _aLIABILITY | ||
| 650 | _aNEGLIGENCE | ||
| 650 | _aSOLICITORS | ||
| 650 | _aWHITE V JONES | ||
| 650 | _aWILLS | ||
| 690 | _aMANAGEMENT-BUSINESS MANAGEMENT-PROFESSIONAL PRACTICE | ||
| 942 | _n0 | ||
| 948 | _c04/03/1997 | ||
| 999 |
_c29353 _d29353 |
||